LEADER 01124nam a2200289 u 4500 001 000000065904 003 CaOOAMICUS 005 20070226121521.0 008 011218s1986 enk u000 u eng u 020 $a0192821474 035 $a10914554 040 $aPUL(R)$bita 100 1 $aBarrow, John D.,$d1952-$0(OLS)http://pul/name/40492 245 14$aThe Anthropic Cosmological Principle /$cJohn D. Barrow e Frank J. Tipler. 260 $aOxford :$bOxford University Press,$c1986. 300 $a706 p. ;$c24 cm 500 $aContiene indice. 504 $aBibliografia in nota. 650 4$aCosmologia.$0(OLS)http://pul/subject/526 700 1 $aTipler, Frank J.$0(OLS)http://pul/name/44263 850 $aPUL 852 $aPUL$W1$xSL Filosofia 1$y2$m96 D 108$j85250$nBK-PRI$b $qStampati$B85250$CPULBib$Z2$F85250 $H $81 941 1 $a8 961 $aINV: 70184 996 $6020$a0192821474$9(OLS)http://pul/number/85466 996 $6245$aThe Anthropic Cosmological Principle$9(OLS)http://pul/title/87584 996 $6260$aOxford :$bOxford University Press$9(OLS)http://pul/publisher/48013 LEADER 01129nam a2200253 u 4500 001 000000073635 003 CaOOAMICUS 005 20070226122355.0 008 020927s1968 au u000 u ger u 035 $a10940534 040 $aIAR$bita 100 1 $aMeinong, Alexius,$d1853-1920.$0(OLS)http://pul/name/12856 240 10$aOpere$9(Meinong, Alexius, 1853-1920).$0(OLS)http://pul/title/19750 245 10$aAlexius Meinong Gesamtausgabe ;$nBand III:$pAbhandlungen zur Werttheorie /$cBearbeitet von Rudolf Kindinger. 246 11$aAbhandlungen zur Werttheorie 260 $aGraz :$bADVA,$c1968. 300 $axiii, 765 S., ;$c25 cm 700 1 $aKindinger, Rudolf.$0(OLS)http://pul/name/12858 850 $aPUL 852 $aPUL$W1$xSL Filosofia 1$y2$m89 G 44.3$j95108$nBK-PRI$b $qStampati$B95108$CPULBib$Z2$F95108 $HPUL89158 $81 941 1 $a8 996 $6245$aAlexius Meinong Gesamtausgabe ;$nBand III:$pAbhandlungen zur Werttheorie$9(OLS)http://pul/title/96746 996 $6246$aAbhandlungen zur Werttheorie$9(OLS)http://pul/title/96747 996 $6260$aGraz :$bADVA$9(OLS)http://pul/publisher/54117